[Event "San Vicente op 9th"]
[Site "San Vicente"]
[Date "2025.04.20"]
[Round "7"]
[White "Balakrishnan, Praveen"]
[Black "Uzcategui Rodriguez, Alejandro"]
[Result "1-0"]
[WhiteElo "2489"]
[BlackElo "2312"]
[PlyCount "63"]
[EventDate "2025.04.16"]
[EventType "swiss"]
[EventRounds "9"]
[EventCountry "ESP"]
[SourceTitle "CB17_2025"]
[SourceDate "2025.04.23"]
[SourceVersion "1"]
[SourceVersionDate "2025.04.23"]
[SourceQuality "1"]

1. d4 d5 2. Nf3 Nf6 3. c4 e6 4. Nc3 h6 5. e3 a6 6. b3 c5 7. Be2 Nc6 8. 0-0 Bd6 9. cxd5 exd5 10. dxc5 Bxc5 11. Bb2 0-0 12. Rc1 Ba7 13. Na4 Bg4 14. h3 Bh5 15. Nc5 Rc8 16. Nxb7 Qe7 17. Bxf6 Qxf6 18. Qxd5 Bg6 19. Nd6 Nb4 20. Qe5 Rcd8 21. Qxf6 gxf6 22. Nb7 Rb8 23. Na5 Nxa2 24. Rc4 Nb4 25. Nc6 Nxc6 26. Rxc6 Rxb3 27. Rxf6 Rc8 28. Ne5 Rb2 29. Nxg6 Kg7 30. Rxa6 Bb8 31. Ne7 Re8 32. Nf5+ 1-0

[Event "San Vicente op 9th"]
[Site "San Vicente"]
[Date "2025.04.18"]
[Round "5"]
[White "Balakrishnan, Praveen"]
[Black "Domingo Nunez, Alejandro"]
[Result "1-0"]
[WhiteElo "2489"]
[BlackElo "2339"]
[PlyCount "69"]
[EventDate "2025.04.16"]
[EventType "swiss"]
[EventRounds "9"]
[EventCountry "ESP"]
[SourceTitle "CB17_2025"]
[SourceDate "2025.04.23"]
[SourceVersion "1"]
[SourceVersionDate "2025.04.23"]
[SourceQuality "1"]

1. e4 c5 2. Nf3 e6 3. d4 cxd4 4. Nxd4 Nc6 5. Nc3 Qc7 6. Be3 a6 7. Bd3 Nf6 8. Qe2 Nxd4 9. Bxd4 Bc5 10. Bxc5 Qxc5 11. e5 Nd5 12. Nxd5 Qxd5 13. h4 d6 14. exd6 Bd7 15. 0-0-0 Qxa2 16. Qe5 Qa1+ 17. Kd2 Qa4 18. Rde1 Bc6 19. d7+ Kxd7 20. b3 Qb4+ 21. Kc1 Qd6 22. Qxg7 Qf4+ 23. Kb1 Rhg8 24. Qxh7 Rxg2 25. Be4 Bxe4 26. Rxe4 Qxf2 27. Rd1+ Kc6 28. Rc4+ Kb6 29. Qe4 a5 30. Rd7 Rb8 31. Rcc7 Rg1+ 32. Ka2 Qf1 33. Rxb7+ Rxb7 34. Qxb7+ Kc5 35. Qc8+ 1-0

[Event "Titled Tuesday intern op 11th Mar Early"]
[Site "Chess.com INT"]
[Date "2025.03.11"]
[Round "3"]
[White "Balakrishnan, Praveen"]
[Black "Le, Tuan Minh"]
[Result "0-1"]
[WhiteElo "2489"]
[BlackElo "2598"]
[PlyCount "102"]
[EventDate "2025.03.11"]
[EventType "swiss (blitz)"]
[EventRounds "11"]
[EventCountry "USA"]
[SourceTitle "CB12_2025"]
[SourceDate "2025.03.19"]
[SourceVersion "1"]
[SourceVersionDate "2025.03.19"]
[SourceQuality "1"]

1. c4 c6 2. Nc3 d5 3. e3 Nf6 4. Nf3 a6 5. b3 Bf5 6. Bb2 e6 7. Nh4 Bg4 8. Be2 Bxe2 9. Nxe2 Bd6 10. f4 Nbd7 11. Nf3 Qe7 12. 0-0 0-0 13. Qc2 h6 14. Kh1 Rfe8 15. Rae1 Rad8 16. Ng3 Nc5 17. Ne5 Nfe4 18. Rf3 f6 19. Ng4 Kf8 20. d3 Nxg3+ 21. Rxg3 h5 22. Nf2 e5 23. fxe5 Bxe5 24. Bxe5 fxe5 25. Qe2 h4 26. Rg6 Kg8 27. b4 Nd7 28. c5 Rf8 29. Ng4 Nf6 30. Nh6+ Kh8 31. Nf5 Qf7 32. Rxg7 Qh5 33. Qxh5+ Nxh5 34. Rg5 Nf6 35. Nd6 Kh7 36. Rxe5 Ng4 37. Re7+ Kg6 38. h3 Nf2+ 39. Kg1 Nxd3 40. Rb1 Rf2 41. Rb3 Rd2 42. Rf7 Re8 43. Rf3 Re5 44. Rb1 Rg5 45. g4 hxg3 46. Rbf1 Nf2 47. Ne8 Nxh3+ 48. Kh1 g2+ 49. Kh2 gxf1Q+ 50. Rf2 Qxf2+ 51. Kh1 Qg2# 0-1

[Event "Titled Tuesday intern op 11th Mar Early"]
[Site "Chess.com INT"]
[Date "2025.03.11"]
[Round "10"]
[White "Giri, Anish"]
[Black "Balakrishnan, Praveen"]
[Result "1-0"]
[WhiteElo "2737"]
[BlackElo "2489"]
[PlyCount "89"]
[EventDate "2025.03.11"]
[EventType "swiss (blitz)"]
[EventRounds "11"]
[EventCountry "USA"]
[SourceTitle "CB12_2025"]
[SourceDate "2025.03.19"]
[SourceVersion "1"]
[SourceVersionDate "2025.03.19"]
[SourceQuality "1"]

1. c4 g6 2. Nc3 Bg7 3. g3 d6 4. Bg2 Nd7 5. Nf3 e5 6. 0-0 Ne7 7. Rb1 0-0 8. d3 h6 9. b4 f5 10. Bd2 Nf6 11. a4 g5 12. Ne1 f4 13. b5 Qe8 14. e3 Bg4 15. Qb3 Qh5 16. Bxb7 Rab8 17. Bg2 Nf5 18. Ne4 f3 19. Bh1 Nxe4 20. dxe4 Nh4 21. c5+ Kh8 22. cxd6 cxd6 23. Bb4 Rbd8 24. Rd1 Bh3 25. Qc4 Bxf1 26. Qxf1 Ng6 27. h3 g4 28. Rxd6 Rxd6 29. Bxd6 gxh3 30. Kh2 Rf7 31. a5 Bf8 32. Qc4 Kg7 33. Bc7 Ne7 34. b6 Ng8 35. b7 Nf6 36. Qxf7+ Kxf7 37. Bxf3 Ng4+ 38. Bxg4 Qxg4 39. b8Q Qe2 40. Qb3+ Kg6 41. Qe6+ Kh7 42. Qf5+ Kg8 43. Bxe5 Qxe1 44. Qg6+ Bg7 45. Qxg7# 1-0

[Event "Kavala op-A 33rd"]
[Site "Kavala"]
[Date "2024.07.31"]
[Round "4"]
[White "Koutlas, Nikolaos"]
[Black "Balakrishnan, Praveen"]
[Result "0-1"]
[WhiteElo "2322"]
[BlackElo "2503"]
[PlyCount "150"]
[EventDate "2024.07.29"]
[EventType "swiss"]
[EventRounds "9"]
[EventCountry "GRE"]
[SourceTitle "EXT 2025"]
[Source "ChessBase"]
[SourceDate "2024.10.14"]
[SourceVersion "1"]
[SourceVersionDate "2024.10.14"]
[SourceQuality "1"]

1. e4 e5 2. Nf3 Nc6 3. Nc3 Nf6 4. Bb5 Nd4 5. Nxd4 exd4 6. e5 dxc3 7. exf6 Qxf6 8. dxc3 Bc5 9. Qe2+ Qe6 10. Bc4 Qxe2+ 11. Kxe2 d6 12. Be3 Bxe3 13. Kxe3 Be6 14. Bd3 Kd7 15. h4 Rae8 16. Kf4 h6 17. f3 g5+ 18. hxg5 hxg5+ 19. Kxg5 Rhg8+ 20. Kf4 Rxg2 21. Rag1 Reg8 22. Rxg2 Rxg2 23. c4 a5 24. Ke3 b6 25. Kd4 Ke7 26. Rh8 Rg1 27. a3 Re1 28. Be4 Rd1+ 29. Kc3 Kd7 30. Rh5 Rf1 31. b4 axb4+ 32. axb4 c5 33. b5 Ra1 34. Bd3 Ra8 35. f4 Ke7 36. Rh6 Bg4 37. Kd2 Rg8 38. Rh1 Ra8 39. Ke3 Ra3 40. Rh8 d5 41. Kd2 dxc4 42. Be4 Ra5 43. Bc6 Bf5 44. Re8+ Kd6 45. Rd8+ Ke7 46. Re8+ Kf6 47. Rb8 Ra2 48. Rxb6 Rxc2+ 49. Kd1 Kg7 50. Bd7 Be4 51. Bc6 Bd3 52. Ra6 Rb2 53. Ra3 Kf6 54. Kc1 Rc2+ 55. Kd1 Rb2 56. Kc1 Rb1+ 57. Kd2 Ke6 58. Ra8 Rb2+ 59. Ke3 Bg6 60. Re8+ Kf6 61. Re5 Rb3+ 62. Ke2 c3 63. Rxc5 c2 64. Bf3 Rxb5 65. Rc6+ Kg7 66. Bg4 Rb4 67. Ke3 Re4+ 68. Kf3 Re1 69. f5 c1Q 70. Rxc1 Rxc1 71. fxg6 Kxg6 72. Bd7 Kg5 73. Ke4 Rc7 74. Bb5 Rc3 75. Bd7 Ra3 0-1

[Event "Kavala op-A 33rd"]
[Site "Kavala"]
[Date "2024.07.30"]
[Round "3"]
[White "Balakrishnan, Praveen"]
[Black "Tsaknakis, Zisis"]
[Result "1-0"]
[WhiteElo "2503"]
[BlackElo "2274"]
[PlyCount "89"]
[EventDate "2024.07.29"]
[EventType "swiss"]
[EventRounds "9"]
[EventCountry "GRE"]
[SourceTitle "EXT 2025"]
[Source "ChessBase"]
[SourceDate "2024.10.14"]
[SourceVersion "1"]
[SourceVersionDate "2024.10.14"]
[SourceQuality "1"]

1. c4 g6 2. d4 Nf6 3. Nc3 Bg7 4. e4 d6 5. h3 0-0 6. Be3 Nbd7 7. g4 a6 8. Bg2 e5 9. d5 b5 10. cxb5 axb5 11. Nxb5 Ba6 12. Nc3 Qb8 13. Qc2 Nb6 14. Nge2 Nc4 15. Bc1 Rc8 16. 0-0 c6 17. dxc6 Rxc6 18. Re1 Qb7 19. b3 Nb6 20. Qd2 Rac8 21. Bb2 h5 22. g5 Nh7 23. Rac1 h4 24. Nd5 Nxd5 25. exd5 Rxc1 26. Rxc1 Rxc1+ 27. Bxc1 Qc8 28. Nc3 Nxg5 29. Qxg5 Qxc3 30. Qd8+ Kh7 31. Qxh4+ Kg8 32. Qd8+ Kh7 33. Qh4+ Kg8 34. Qd8+ Kh7 35. Be3 Qb4 36. Kh2 f5 37. Bg5 Be2 38. Qe7 Qd4 39. f3 e4 40. fxe4 Kg8 41. Bf4 Qf2 42. Bg3 Qe3 43. Qe6+ Kh8 44. exf5 Be5 45. Qe8+ 1-0

[Event "Belgrade Serbia op"]
[Site "Belgrade"]
[Date "2024.07.15"]
[Round "4"]
[White "Tudor, Henry Edward"]
[Black "Balakrishnan, Praveen"]
[Result "0-1"]
[WhiteElo "2403"]
[BlackElo "2503"]
[PlyCount "56"]
[EventDate "2024.07.12"]
[EventType "swiss"]
[EventRounds "9"]
[EventCountry "SRB"]
[SourceTitle "CBM 221 Extra"]
[Source "ChessBase"]
[SourceDate "2024.09.30"]
[SourceVersion "1"]
[SourceVersionDate "2024.09.30"]
[SourceQuality "1"]

1. d4 Nf6 2. c4 e6 3. Nc3 Bb4 4. e3 0-0 5. Bd3 d5 6. a3 Bxc3+ 7. bxc3 dxc4 8. Bxc4 c5 9. Nf3 Qc7 10. Be2 Nc6 11. 0-0 e5 12. h3 Rd8 13. Qc2 e4 14. Nd2 cxd4 15. cxd4 Nd5 16. Kh1 Bf5 17. Bb2 Qe7 18. Rac1 Rd6 19. Qd1 Bd7 20. Nc4 Rh6 21. Bg4 f5 22. Be2 f4 23. Kg1 Qg5 24. Kh2 Rf8 25. Nd2 Nxe3 26. fxe3 Bxh3 27. Rf2 Bxg2+ 28. Bh5 f3 0-1

[Event "Titled Tuesday intern op 09th Jul Early"]
[Site "Chess.com INT"]
[Date "2024.07.09"]
[Round "9"]
[White "Balakrishnan, Praveen"]
[Black "Ashraf, Artin"]
[Result "1-0"]
[WhiteElo "2503"]
[BlackElo "2391"]
[PlyCount "87"]
[EventDate "2024.07.09"]
[EventType "swiss (blitz)"]
[EventRounds "11"]
[EventCountry "USA"]
[SourceTitle "EXT 2025"]
[Source "ChessBase"]
[SourceDate "2024.10.14"]
[SourceVersion "1"]
[SourceVersionDate "2024.10.14"]
[SourceQuality "1"]

1. e4 e5 2. Nf3 Nc6 3. Bc4 Nf6 4. d3 a6 5. Ng5 d5 6. exd5 Na5 7. Qe2 Bd6 8. Bd2 Nxc4 9. dxc4 0-0 10. Nc3 e4 11. 0-0-0 Re8 12. Rde1 Bg4 13. Qe3 Bf5 14. f3 exf3 15. Qxf3 Bg6 16. Nge4 Nxe4 17. Nxe4 b5 18. c5 Bxe4 19. Rxe4 Rxe4 20. Qxe4 Bxc5 21. Re1 Bd6 22. Qf5 Qh4 23. h3 Rf8 24. Kb1 Qg3 25. Qe4 h6 26. Bc3 f6 27. a3 a5 28. Bxa5 Be5 29. Re3 Qf2 30. Be1 Qf1 31. Ka2 Rd8 32. Bc3 Bd6 33. g4 Rf8 34. h4 Qg1 35. Rf3 Qh1 36. g5 hxg5 37. hxg5 b4 38. Qe6+ Kh7 39. Rh3+ Qxh3 40. Qxh3+ Kg6 41. Bxb4 fxg5 42. Bxd6 cxd6 43. Qd3+ Kh5 44. Qh7+ 1-0

[Event "Titled Tuesday intern op 09th Jul Late"]
[Site "Chess.com INT"]
[Date "2024.07.09"]
[Round "2"]
[White "Lizak, Peter"]
[Black "Balakrishnan, Praveen"]
[Result "1/2-1/2"]
[WhiteElo "2398"]
[BlackElo "2503"]
[PlyCount "135"]
[EventDate "2024.07.09"]
[EventType "swiss (blitz)"]
[EventRounds "11"]
[EventCountry "USA"]
[SourceTitle "EXT 2025"]
[Source "ChessBase"]
[SourceDate "2024.10.14"]
[SourceVersion "1"]
[SourceVersionDate "2024.10.14"]
[SourceQuality "1"]

1. d4 e6 2. Nc3 d5 3. e4 Bb4 4. exd5 exd5 5. Bd3 Nc6 6. a3 Bxc3+ 7. bxc3 Nge7 8. Qf3 Be6 9. Ne2 Qd7 10. h3 0-0-0 11. Rb1 h5 12. 0-0 Bf5 13. Ng3 Bxd3 14. cxd3 h4 15. Ne2 Rdg8 16. Nf4 Qf5 17. Qg4 g5 18. Nh5 Rg6 19. f4 Kb8 20. Qxf5 Nxf5 21. fxg5 Nce7 22. Nf6 c6 23. Nd7+ Kc8 24. Ne5 Rg7 25. Bf4 Rhg8 26. Rb2 b6 27. a4 Ng6 28. Nxg6 fxg6 29. a5 b5 30. Re2 Re7 31. Rxe7 Nxe7 32. Re1 Kd7 33. a6 Rf8 34. Be3 Nf5 35. Bf2 Rb8 36. Rb1 Rb6 37. Ra1 b4 38. c4 b3 39. Kf1 b2 40. Rb1 Rxa6 41. Rxb2 Kc7 42. Rc2 Kd7 43. Ke2 Ra1 44. Kf3 Rf1 45. Kg4 a5 46. Ra2 a4 47. Bxh4 Nxh4 48. Kxh4 Rf4+ 49. Kg3 Rxd4 50. Rxa4 Rxd3+ 51. Kf2 Kd6 52. cxd5 Kxd5 53. Ra8 Kc5 54. Rg8 Rd6 55. g4 Kd4 56. h4 Ke4 57. Rf8 c5 58. Rf6 Rd2+ 59. Kg3 Rd3+ 60. Kg2 Rd2+ 61. Rf2 Rxf2+ 62. Kxf2 Kf4 63. h5 Kxg5 64. hxg6 Kxg6 65. Ke3 Kg5 66. Kd3 Kxg4 67. Kc4 Kf4 68. Kxc5 1/2-1/2

[Event "Adeje Arona op"]
[Site "Adeje"]
[Date "2024.06.27"]
[Round "7"]
[White "Balakrishnan, Praveen"]
[Black "Van der Lende, Ilias"]
[Result "1-0"]
[WhiteElo "2510"]
[BlackElo "2415"]
[PlyCount "111"]
[EventDate "2024.06.22"]
[EventType "swiss"]
[EventRounds "10"]
[EventCountry "ESP"]
[SourceTitle "CBM 220 Extra"]
[Source "ChessBase"]
[SourceDate "2024.07.31"]
[SourceVersion "1"]
[SourceVersionDate "2024.07.31"]
[SourceQuality "1"]

1. e4 e6 2. d4 d5 3. Nc3 dxe4 4. Nxe4 Nf6 5. Nxf6+ gxf6 6. Be3 b6 7. Qf3 c6 8. 0-0-0 Bb7 9. Bc4 Nd7 10. Bf4 Be7 11. Bxe6 Nf8 12. Bf5 Ng6 13. Bg3 0-0 14. Ne2 Qd5 15. Qxd5 cxd5 16. Rhe1 Bc8 17. Bxg6 hxg6 18. Nf4 Bd8 19. Nxd5 Bb7 20. Nc3 f5 21. Bd6 Bg5+ 22. f4 Rfd8 23. fxg5 Rxd6 24. d5 Kf8 25. Rd4 a6 26. g4 Rad8 27. gxf5 gxf5 28. Re5 Bc8 29. Ne2 b5 30. b3 b4 31. Rxb4 Rxd5 32. Rxd5 Rxd5 33. Rd4 Rc5 34. Nf4 Rc6 35. h4 f6 36. Kd2 fxg5 37. hxg5 a5 38. c4 Rc7 39. Rd5 a4 40. Ra5 axb3 41. axb3 Kf7 42. Ra8 Bd7 43. Rh8 Kg7 44. Rh6 Ra7 45. Kc3 Ra1 46. Rb6 Rf1 47. Rb7 Rxf4 48. Rxd7+ Kg6 49. c5 Re4 50. c6 Re6 51. c7 Rc6+ 52. Kd3 f4 53. b4 f3 54. Ke3 Rc3+ 55. Kf2 Kxg5 56. Rd5+ 1-0

[Event "Adeje Arona op"]
[Site "Adeje"]
[Date "2024.06.23"]
[Round "2"]
[White "Podolskyi, Mykhailo"]
[Black "Balakrishnan, Praveen"]
[Result "1/2-1/2"]
[WhiteElo "2331"]
[BlackElo "2510"]
[PlyCount "147"]
[EventDate "2024.06.22"]
[EventType "swiss"]
[EventRounds "10"]
[EventCountry "ESP"]
[SourceTitle "CBM 220 Extra"]
[Source "ChessBase"]
[SourceDate "2024.07.31"]
[SourceVersion "1"]
[SourceVersionDate "2024.07.31"]
[SourceQuality "1"]

1. d4 d5 2. c4 e6 3. Nc3 Nf6 4. Bg5 c6 5. e3 Be7 6. Qc2 h6 7. Bh4 0-0 8. Nf3 Nbd7 9. cxd5 exd5 10. Bd3 Re8 11. 0-0 Ne4 12. Bxe4 Bxh4 13. Bh7+ Kh8 14. Bd3 Be7 15. Rab1 a5 16. a3 Bd6 17. b4 Qe7 18. b5 Bxa3 19. bxc6 bxc6 20. Na4 Qd6 21. Nb6 Rb8 22. Nxd7 Bxd7 23. Ne5 Qe6 24. Qa4 Bb4 25. Be2 Rec8 26. Bg4 f5 27. Bh5 Be8 28. Bxe8 Qxe8 29. Rfc1 f4 30. exf4 Bd2 31. Rxb8 Rxb8 32. Ra1 Bxf4 33. Qxc6 Bxe5 34. Qxe8+ Rxe8 35. dxe5 Rxe5 36. f4 Re2 37. Rxa5 Rd2 38. Ra7 Kh7 39. f5 Kg8 40. h3 h5 41. h4 Re2 42. Rd7 Re5 43. f6 gxf6 44. Kf2 Kf8 45. Kf3 Ke8 46. Ra7 Re7 47. Ra8+ Kf7 48. Rd8 Re5 49. g3 Ke7 50. Ra8 Ke6 51. Ra6+ Kf7 52. Kf4 Re1 53. Ra7+ Kg6 54. Rd7 Rd1 55. Rd8 Kf7 56. Rh8 Rf1+ 57. Ke3 Kg6 58. Rd8 Re1+ 59. Kf4 Re4+ 60. Kf3 Re5 61. Rd7 Kf5 62. Rd6 Kg6 63. Rd7 Rf5+ 64. Ke3 Kh6 65. Ke2 Re5+ 66. Kf2 Rf5+ 67. Ke2 Re5+ 68. Kf2 f5 69. Kf3 Kg6 70. Rd6+ Kg7 71. Kf4 Re4+ 72. Kxf5 Rg4 73. Rxd5 Rxg3 74. Rd7+ 1/2-1/2

[Event "Norway Chess op"]
[Site "Stavanger"]
[Date "2024.05.24"]
[Round "1"]
[White "Cornileau, Juliette"]
[Black "Balakrishnan, Praveen"]
[Result "0-1"]
[WhiteElo "1986"]
[BlackElo "2510"]
[PlyCount "118"]
[EventDate "2024.05.24"]
[EventType "swiss"]
[EventRounds "9"]
[EventCountry "NOR"]
[SourceTitle "CBM 220 Extra"]
[Source "ChessBase"]
[SourceDate "2024.07.31"]
[SourceVersion "1"]
[SourceVersionDate "2024.07.31"]
[SourceQuality "1"]

1. e4 e6 2. d4 d5 3. Nd2 c5 4. exd5 Qxd5 5. dxc5 Nf6 6. Ngf3 Qxc5 7. Bd3 Nbd7 8. 0-0 Qc7 9. c4 b6 10. Rb1 Bb7 11. b4 Bd6 12. h3 0-0 13. a3 Rfe8 14. Qc2 Rac8 15. Bb2 Ne5 16. Nxe5 Bxe5 17. Rfe1 Bxb2 18. Qxb2 Red8 19. Bf1 Qf4 20. Nb3 Ne4 21. Rbd1 h6 22. a4 Bc6 23. b5 Ba8 24. a5 e5 25. axb6 axb6 26. Nc1 Nd2 27. Qc3 Nxf1 28. Rxf1 Rxd1 29. Rxd1 Rxc4 30. Rd8+ Kh7 31. Qd3+ Qe4 32. Qxe4+ Bxe4 33. Ne2 Rc5 34. Rd6 Bg6 35. Rxb6 Bd3 36. Ng3 Bxb5 37. Rb7 Bc4 38. Kh2 Be6 39. Rb2 Ra5 40. Re2 Kg6 41. Ne4 f5 42. Ng3 Kf7 43. Rb2 g6 44. f3 h5 45. Rb4 Rd5 46. h4 Rd1 47. Ne2 Rd2 48. Ng1 Bd5 49. Nh3 Ke7 50. Rb6 Bxf3 51. Rxg6 Bd5 52. Rg5 Kf6 53. Kg1 Bf7 54. g3 Ra2 55. Nf2 Ra1+ 56. Kh2 Bd5 57. Rxh5 Rf1 58. Rh6+ Kg7 59. Rd6 Rxf2+ 0-1

[Event "Titled Tuesday intern op 14th May Early"]
[Site "Chess.com INT"]
[Date "2024.05.14"]
[Round "3"]
[White "Balakrishnan, Praveen"]
[Black "Bambino Filho, Antonio Carlos"]
[Result "1-0"]
[WhiteElo "2511"]
[BlackElo "2170"]
[PlyCount "37"]
[EventDate "2024.05.14"]
[EventType "swiss (blitz)"]
[EventRounds "11"]
[EventCountry "USA"]
[SourceTitle "EXT 2025"]
[Source "ChessBase"]
[SourceDate "2024.10.14"]
[SourceVersion "1"]
[SourceVersionDate "2024.10.14"]
[SourceQuality "1"]

1. c4 c5 2. Nf3 Nc6 3. Nc3 Nd4 4. e3 Nxf3+ 5. Qxf3 g6 6. b3 Bg7 7. Bb2 d6 8. g3 Nf6 9. Bg2 0-0 10. 0-0 Rb8 11. Qe2 a6 12. d4 cxd4 13. exd4 b5 14. c5 dxc5 15. dxc5 Bg4 16. Qe5 Qc8 17. Nd5 Nh5 18. Nxe7+ Kh8 19. Nxc8 1-0

[Event "Titled Tuesday intern op 14th May Early"]
[Site "Chess.com INT"]
[Date "2024.05.14"]
[Round "7"]
[White "Balakrishnan, Praveen"]
[Black "Parondo, Rolly"]
[Result "0-1"]
[WhiteElo "2511"]
[BlackElo "2193"]
[PlyCount "162"]
[EventDate "2024.05.14"]
[EventType "swiss (blitz)"]
[EventRounds "11"]
[EventCountry "USA"]
[SourceTitle "EXT 2025"]
[Source "ChessBase"]
[SourceDate "2024.10.14"]
[SourceVersion "1"]
[SourceVersionDate "2024.10.14"]
[SourceQuality "1"]

1. c4 Nf6 2. Nc3 g6 3. e4 d6 4. d4 Bg7 5. g3 0-0 6. Bg2 c5 7. d5 e6 8. Nge2 exd5 9. cxd5 Re8 10. 0-0 a6 11. a4 Nbd7 12. h3 c4 13. Be3 Ne5 14. a5 h5 15. b3 cxb3 16. Qxb3 Nfd7 17. Qb4 Nd3 18. Qc4 N3c5 19. f4 Qe7 20. Bd4 b5 21. axb6 Nxb6 22. Qb4 Nbd7 23. Bxg7 Kxg7 24. Nd4 Rb8 25. Qc4 Qf6 26. Nc6 Rb2 27. Ra2 Nb6 28. Qd4 Qxd4+ 29. Nxd4 Rxa2 30. Nxa2 Nc4 31. Nc3 Ne3 32. Re1 Nxg2 33. Kxg2 h4 34. gxh4 Nd3 35. Rf1 Nc5 36. Kf3 Bxh3 37. Re1 f5 38. e5 Bg4+ 39. Kg3 Nd3 40. Rb1 dxe5 41. Rb7+ Kh6 42. fxe5 Rxe5 43. Ne6 Re3+ 44. Kh2 Ne5 45. Ng5 Nf3+ 46. Nxf3 Bxf3 47. Rc7 Rd3 48. Rc5 Be4 49. Nxe4 fxe4 50. Rc4 e3 51. Re4 Rd2+ 52. Kg3 e2 53. d6 Rxd6 54. Rxe2 a5 55. Re8 Ra6 56. Re3 a4 57. Ra3 Kh5 58. Kh3 Ra5 59. Kg3 Kh6 60. Kg4 Kg7 61. Kf4 Kf6 62. Ke4 Ke6 63. Kd4 Rh5 64. Re3+ Kf5 65. Re5+ Kg4 66. Re4+ Kh3 67. Kd3 Rxh4 68. Re6 g5 69. Ra6 Rf4 70. Ke3 Rb4 71. Kf3 g4+ 72. Kf2 g3+ 73. Kf3 Rb3+ 74. Ke2 a3 75. Ra8 Kg2 76. Ra7 Kg1 77. Ra8 g2 78. Rc8 Rb2+ 79. Kf3 a2 80. Rc1+ Kh2 81. Ra1 g1Q 0-1